000 01117nas a2200325 4500
001 BR8901805
003 BR-BrBNA
005 20231205091519.0
007 ta
008 230509b bl.|||p| |||| 00| 00por d
040 _aBR-BrBNA
_bpor
_cBiblioteca Nacional de Agricultura
041 _a(Pt)
072 _aH20
100 1 _aLopes, E.B.M.
100 1 _aKimati, H.
245 1 _aEfeito da concentracao de inoculo de Macrophomina phaseolina (Tass.)Goid. na reacao de cinco genotipos de girassol (Helianthus annuus L.)
246 1 _aEffect of inoculum concentration of Macrophomina phaseolina (Tass.)Goid. on the reaction of five sunflower genotypes (Helianthus annuus L.)
650 _aGIRASSOL
650 _aFUNGO
650 _aESTUFA
650 _aPODRIDAO NEGRA
650 _aMURCHA DE ESCLEROCIO
650 _aMANCHA DE ALTERNARIA
650 _aFERRUGEM
650 _aPODRIDAO DA RAIZ
650 _aVARIEDADE
773 0 _tSumma Phytopathologica (Brazil)
_xISSN 0100-5405
_g(Jul-Dec 1988), v. 14(3-4) p. 196-200
_wBR8901805
909 _a202311
_bLúcia
_c55
_dLúcia Elande
942 _2AGRIS
_n0
_cANA
999 _c125582
_d125582